00329nam a2200121Ia 4500008004100000245006800041260001700109260000900126300000800135650002300143650001200166856002900178170516s9999 xx 000 0 und d aGlycogen Synthase Kinase-3 (GSK-3)-Targeted Therapy and Imaging bTheranostics c2016 a6:4 xMedical Technology xMedtech uhttp://www.thno.org/v6i4